000 01511cam a22003737a 4500
003 CHAP
005 20220329135936.0
008 971013s r 00010 d
010 _a44432
011 _a45404
035 _a49543
040 _cCHAP
082 _a633.18
_bI5v
110 _aINIA. México. Centro de Investigaciones Agrícolas de Sinaloa
_958546
245 0 _aPrograma de arroz en el Valle del Fuerte
_b: informe, 19 -
260 _aMéxico, D.F. :
_bINIA. Centro de Investigaciones Agrícolas de Sinaloa,
_c19 -
300 _av.
_b: ilus.
500 _aLa biblioteca tiene: 1969, 1970, 1972
590 _aBATCH-UPD
_b10
_c20130109
_lUCH01
_h2311
590 _aBATCH-UPD
_b10
_c20130110
_lUCH01
_h2126
590 _aBATCH-UPD
_b10
_c20130410
_lUCH01
_h1435
590 _aBATCH-UPD
_b10
_c20130914
_lUCH01
_h0409
590 _aCONVERSION
_b10
_c20130109
_lUCH01
_h1324
650 1 4 _aArroz
_xInvestigación.
_97624
650 1 4 _aArroz
_xSinaloa.
_97656
901 _aBK
942 _cLIBRO
949 _a633.18 I5v
_bBC
_cLIBRO
_d33724000209862
_eLIBRO
_f1972
_h35726
_i49543
_si
949 _a633.18 I5v
_bBC
_cLIBRO
_d33724000210001
_eLIBRO
_f1969 c.2
_h31842
_i49543
_si
949 _a633.18 I5v
_bBC
_cLIBRO
_d33724000210019
_eLIBRO
_f1969
_h15279
_i49543
_si
949 _a633.18 I5v
_bBC
_cLIBRO
_d33724000210027
_eLIBRO
_f1970
_h35727
_i49543
_si
949 _a633.18 I5v
_bBC
_cLIBRO
_d33724000210035
_eLIBRO
_f1970 c.2
_h38154
_i49543
_si
949 _a633.18 I5v
_bBC
_cLIBRO
_d33724000210043
_eLIBRO
_f1970 c.3
_h60545
_i49543
_si
999 _c44432
_d44432